| 000 | 01125nam a2200241Ia 4500 | ||
|---|---|---|---|
| 999 |
_c56196 _d56196 |
||
| 001 | 23297 | ||
| 003 | GE_BSU | ||
| 005 | 20251118200024.0 | ||
| 008 | 181216s1964||||ge |||||||||||||| ||geo|| | ||
| 040 | _cGE_BSU | ||
| 041 | _ageo | ||
| 080 | _a930(479.22)(092ბერძენიშვილი, ნ.) დ-90 | ||
| 100 |
_aდუმბაძე, მამია _926263 |
||
| 245 |
_aნიკო ბერძენიშვილი : _b მონოგრაფია / _cმამია დუმბაძე ; რედ. ვ. დონდუა ; მხატვ. ჯ. ყავლაშვილი. |
||
| 264 |
_aთბილისი : _bნაკადული, _c1964. |
||
| 300 |
_a97გვ. : _b1ფ. პორტრ. ; _c19 სმ. |
||
| 541 | _h2 ლ. | ||
| 653 | _aნიკო ბერძენიშვილი : მონოგრაფია | ||
| 653 | _aქართველი ისტორიკოსები | ||
| 700 |
_aდონდუა, ვ. _eრედაქტორი _916396 |
||
| 700 |
_aყავლაშვილი, ჯ. _eმხატვარი _95903 |
||
| 942 |
_cBK _2udc |
||